000 00295nam a22001457a 4500
008 221115b ||||| |||| 00| 0 eng d
020 _a9780385415675
041 _aeng
080 _a51
082 _a51 POU
100 _a20.1
101 _aMATE
245 _aPOUNDSTONE W
942 _2udc
_cBK
999 _c58902
_d58902